Spell the Marvel Hero #61 - Statistics

General Stats
  • This quiz has been taken 13 times
  • The average score is 15 of 18
Answer Stats
Picture Answer % Correct
Doctor Strange
100%
Thing
100%
Union Jack
100%
Echo
91%
Elsa Bloodstone
91%
Lockjaw
91%
Namor the Sub-Mariner
91%
Old Man Logan
91%
Outlaw
91%
Silk
91%
Yondu
91%
Old Lace
82%
Shuri
82%
Ulysses Bloodstone
82%
Blink
73%
Legacy (Genis-Vell)
64%
Shaman
55%
Synapse
27%
No matching quizzes found
Score Distribution
Percent of People with Each Score
Percentile by Number Answered
Your Score History
You have not taken this quiz